Ley Orgánica de la Contraloría General de la República (Registro nro. 7247)
[ vista simple ]
| 000 -Cabecera | |
|---|---|
| Campo de control de longitud fija | 00653nam a22002537a 4500 |
| 005 - Fecha y hora de la última transacción | |
| Campo de control | 20251003181700.0 |
| 008 - Elementos de longitud fija--Información general | |
| Campo de control de longitud fija | 151006b2011 xxu||||| |||| 00| 0 spa d |
| 020 ## - International Standard Book Number | |
| Número Internacional Estándar del Libro (ISBN) | 9977132167 |
| 041 ## - Idioma | |
| Código de idioma | Español |
| 082 ## - Clasificación Decimal Dewey | |
| Número de clasificación | 351.722.36 C8374L4 |
| 100 ## - Entrada principal--Autor personal | |
| Nombre personal | Costa Rica. Leyes, decretos, etc. |
| 245 ## - Título propiamente dicho | |
| Título | Ley Orgánica de la Contraloría General de la República |
| 260 ## - Pie de imprenta | |
| Lugar de publicación, distribución, etc. | Costa Rica |
| 260 ## - Pie de imprenta | |
| Nombre del editor, distribuidor, etc. | IJSA |
| 260 ## - Pie de imprenta | |
| Fecha de publicación, distribución, etc. | 2011 |
| 300 ## - Descripción física | |
| Extensión | 80 páginas |
| 490 ## - Serie | |
| Título de la Serie | Secretariado Ejecutivo |
| 650 ## - Materia general | |
| Temática (materia general) | COSTA RICA |
| 650 ## - Materia general | |
| Temática (materia general) | LEY 7428 |
| 650 ## - Materia general | |
| Temática (materia general) | CONTRALORIA GENERAL DE LA REPUBLICA |
| 650 ## - Materia general | |
| Temática (materia general) | LEGISLACION |
| 942 ## - Punto de acceso adicional KOHA | |
| Tipo de ítem KOHA | Libro |
| Fuente del sistema de clasificación o colocación | Dewey Decimal Classification |
| Signatura completa | Código de barras | Programa Académico | Tipo de ítem |
|---|---|---|---|
| 351.722.36 C8374L4 | 19666 | Temática General | Libro |
| 351.722.36 C8374L4 | 19667 | Temática General | Libro |
| 351.722.36 C8374L4 | 19711 | Temática General | Libro |